For the first time in forever reprise (frozen) - lyrics - Statistics

General Stats
  • This quiz has been taken 34 times
    10 since last reset
  • The average score is 264 of 273
Answer Stats
Answer % Correct
a
100%
Actually
100%
afraid
100%
again
100%
alone
100%
an
100%
and
100%
And
100%
Anna
100%
anymore
100%
awaits
100%
back
100%
be
100%
but
100%
But
100%
can
100%
cant
100%
cant!
100%
Cause
100%
control
100%
curse
100%
deep
100%
distance
100%
do
100%
dont
100%
don't
100%
Don't
100%
door
100%
escape
100%
eternal
100%
everywhere
100%
Everywhere?
100%
fear
100%
feeling
100%
finally
100%
first
100%
fix
100%
fool
100%
for
100%
For
100%
forever
100%
free
100%
from
100%
gates
100%
get
100%
go
100%
Go
100%
hand
100%
have
100%
here
100%
home
100%
how
100%
I
100%
I,
100%
I'm
100%
in
100%
inside
100%
keep
100%
know
100%
know?
100%
life
100%
live
100%
me
100%
mean
100%
No
100%
not
100%
not?
100%
of
100%
off
100%
Oh
100%
open
100%
out
100%
Please
100%
please
100%
right
100%
safe
100%
set
100%
shut
100%
slam
100%
snow
100%
storm
100%
such
100%
the
100%
this
100%
time
100%
to
100%
together
100%
understand
100%
up
100%
We
100%
well
100%
We'll
100%
we're
100%
What
100%
What?
100%
will
100%
winter
100%
Yes
100%
You
100%
you
100%
you'll
100%
You'll
100%
your
100%
Your
100%
you're
100%
You're
100%
down
88%
enjoy
88%
head
88%
it
88%
It's
88%
Just
88%
just
88%
kind
88%
leave
88%
make
88%
mountain
88%
much
88%
okay
88%
only
88%
panic
88%
reverse
88%
shine
88%
so
88%
stay
88%
sun
88%
Sure
88%
There's
88%
worse
88%
away
75%
bright
75%
made
75%
protect
75%
unfreeze
75%
work
75%
Yeah
75%
Arendelle's
63%
everything
50%
alright
38%
change
38%
weather
38%
face
25%
thing
25%
No matching quizzes found
Score Distribution
Percent of People with Each Score
Percentile by Number Answered
Your Score History
You have not taken this quiz since the last reset